The Welfare State and the Employment Problem (Registro nro. 28143)

Detalles MARC
000 -LEADER
fixed length control field 00337 a2200109 4500
001 - CONTROL NUMBER
control field ART_46699
005 - DATE AND TIME OF LATEST TRANSACTION
control field 20260410161926.0
008 - FIXED-LENGTH DATA ELEMENTS--GENERAL INFORMATION
fixed length control field 260409a
100 1# - MAIN ENTRY--PERSONAL NAME
Personal name Lindbeck, Assar
245 10 - TITLE STATEMENT
Title The Welfare State and the Employment Problem
773 0# - HOST ITEM ENTRY
Title The American Economic Review
Related parts - Vol. 84, Nº 2 (mayo 1994)
Record control number REV16190

No hay ítems disponibles.